[Event "YUG-ch (Women)"]
[Site "Budva"]
[Date "2002.??.??"]
[Round "?"]
[White "Micic, Snezana"]
[Black "Kalevic, Sanja"]
[Result "1/2-1/2"]
[WhiteElo "2210"]
[BlackElo "2285"]
[PlyCount "102"]
[EventDate "2002.08.??"]
[EventType "team"]
[EventRounds "9"]
[EventCountry "YUG"]
[SourceTitle "EXT 2003"]
[Source "ChessBase"]
[SourceDate "2002.11.25"]
[SourceVersion "1"]
[SourceVersionDate "2002.11.25"]
[SourceQuality "1"]

1. e4 c5 2. Nf3 g6 3. d4 cxd4 4. Nxd4 Nf6 5. Nc3 d6 6. Be2 Bg7 7. 0-0 0-0 8. Be3 Nc6 9. Nb3 Bd7 10. f4 Rc8 11. Kh1 a6 12. Bf3 b5 13. Nd5 Nxd5 14. exd5 Na5 15. Nxa5 Qxa5 16. c3 b4 17. cxb4 Qxb4 18. Rf2 Ba4 19. Qe1 Rb8 20. Qxb4 Rxb4 21. Rb1 Rc8 22. b3 Bd7 23. Rc1 Rxc1+ 24. Bxc1 Bf5 25. Be2 Bd4 26. Rf1 Rb8 27. Rd1 Bc3 28. Bd3 Bg4 29. Rf1 a5 30. Bc4 Bf5 31. Rf3 Bf6 32. a4 e6 33. Bd2 exd5 34. Bxd5 Rc8 35. Bc4 Be4 36. Re3 d5 37. Rxe4 dxe4 38. Bxa5 e3 39. Kg1 Bd4 40. Kf1 Ba7 41. Ke2 Kf8 42. Bb4+ Ke8 43. Ba3 h6 44. Kf3 f5 45. Bc1 Ke7 46. Bxe3 Bxe3 47. Kxe3 Kd6 48. a5 Kc5 49. a6 Re8+ 50. Kf2 Re7 51. Be2 Kb4 1/2-1/2

[Event "YUG-ch (Women)"]
[Site "Budva"]
[Date "2002.??.??"]
[Round "?"]
[White "Micic, Snezana"]
[Black "Stojanovic, Marija R"]
[Result "1-0"]
[WhiteElo "2210"]
[BlackElo "2080"]
[PlyCount "61"]
[EventDate "2002.08.??"]
[EventType "team"]
[EventRounds "9"]
[EventCountry "YUG"]
[SourceTitle "EXT 2003"]
[Source "ChessBase"]
[SourceDate "2002.11.25"]
[SourceVersion "1"]
[SourceVersionDate "2002.11.25"]
[SourceQuality "1"]

1. e4 c5 2. Nf3 a6 3. a4 Nc6 4. d4 cxd4 5. Nxd4 Nf6 6. Nc3 d6 7. Be2 e6 8. Be3 Be7 9. f4 Qc7 10. 0-0 0-0 11. Nb3 b6 12. Bf3 Bb7 13. Qd2 Rad8 14. g4 d5 15. exd5 exd5 16. Nd4 Bc5 17. Nce2 Rfe8 18. c3 Nxd4 19. Bxd4 Ne4 20. Qd3 Bxd4+ 21. Qxd4 Nc5 22. Rae1 Ne6 23. Qf2 Ba8 24. Bg2 Qc4 25. Nd4 Nc5 26. f5 Qxa4 27. f6 g6 28. Qh4 Kh8 29. Qh6 Rg8 30. b4 Ne4 31. Re3 1-0

[Event "YUG-chT (Women)"]
[Site "Herceg Novi"]
[Date "2001.05.??"]
[Round "3"]
[White "Dimovska, Aleksandra"]
[Black "Micic, Snezana"]
[Result "1-0"]
[WhiteElo "2066"]
[BlackElo "2196"]
[PlyCount "39"]
[EventDate "2001.05.??"]
[EventType "team"]
[EventRounds "11"]
[EventCountry "YUG"]
[SourceTitle "CBM 082 Extra"]
[Source "ChessBase"]
[SourceDate "2001.07.03"]
[SourceVersion "1"]
[SourceVersionDate "2001.07.03"]
[SourceQuality "1"]

1. e4 c5 2. Nf3 Nc6 3. d4 cxd4 4. Nxd4 Nf6 5. Nc3 d6 6. Nb3 g6 7. Bd3 Bg7 8. 0-0 0-0 9. h3 a5 10. Be3 a4 11. Nd4 a3 12. bxa3 Rxa3 13. Ncb5 Ra8 14. Qd2 Ne5 15. Bh6 Nxd3 16. Bxg7 Kxg7 17. cxd3 Nd7 18. Qc3 Kg8 19. Nc7 Ra4 20. Nde6 1-0

[Event "YUG-chT (Women)"]
[Site "Herceg Novi"]
[Date "2001.05.??"]
[Round "1"]
[White "Laketic, Milica"]
[Black "Micic, Snezana"]
[Result "0-1"]
[WhiteElo "2153"]
[BlackElo "2196"]
[PlyCount "56"]
[EventDate "2001.05.??"]
[EventType "team"]
[EventRounds "11"]
[EventCountry "YUG"]
[SourceTitle "CBM 082 Extra"]
[Source "ChessBase"]
[SourceDate "2001.07.03"]
[SourceVersion "1"]
[SourceVersionDate "2001.07.03"]
[SourceQuality "1"]

1. e4 c5 2. Nf3 e6 3. d4 cxd4 4. Nxd4 Nf6 5. Nc3 d6 6. Bg5 Be7 7. Qd2 a6 8. Be2 b5 9. a3 Bb7 10. Bf3 Qd7 11. 0-0-0 0-0 12. Rhe1 Rd8 13. Kb1 Qc7 14. g4 Nbd7 15. Be2 h6 16. Bxf6 Nxf6 17. Bd3 Qb6 18. Nb3 Nxg4 19. Rg1 h5 20. f3 Ne5 21. Qg2 Bf6 22. Rde1 Ng6 23. Ne2 e5 24. Qh3 h4 25. Qf1 Nf4 26. Nxf4 exf4 27. Qg2 Be5 28. Nd2 Qd4 0-1

[Event "YUG-chT (Women)"]
[Site "Kragujevac"]
[Date "2000.12.15"]
[Round "5"]
[White "Micic, Snezana"]
[Black "Manakova, Maria"]
[Result "0-1"]
[WhiteElo "2196"]
[BlackElo "2369"]
[PlyCount "53"]
[EventDate "2000.12.11"]
[EventType "team"]
[EventRounds "11"]
[EventCountry "YUG"]
[SourceTitle "CBM 079 Extra"]
[Source "ChessBase"]
[SourceDate "2001.01.11"]
[SourceVersion "2"]
[SourceVersionDate "2001.01.25"]
[SourceQuality "1"]

1. e4 e6 2. d4 d5 3. exd5 exd5 4. Bd3 c5 5. dxc5 Bxc5 6. Nf3 Nf6 7. Qe2+ Be7 8. 0-0 0-0 9. h3 Re8 10. c3 Bc5 11. Qc2 Ne4 12. Bxe4 dxe4 13. Ng5 Bf5 14. Qb3 Qe7 15. Qd5 Bg6 16. h4 Nc6 17. Be3 Bxe3 18. fxe3 Rad8 19. Qb5 h6 20. Nh3 Qxh4 21. Qe2 Ne5 22. Qf2 Nf3+ 23. Kh1 Qh5 24. Qg3 Bf5 25. Na3 Bxh3 26. Qxh3 Qxh3+ 27. gxh3 0-1

[Event "EU-ch rapid (Women)"]
[Site "Athens"]
[Date "1997.??.??"]
[Round "10"]
[White "Berend, Elvira S"]
[Black "Micic, Snezana"]
[Result "1/2-1/2"]
[WhiteElo "2355"]
[BlackElo "2210"]
[PlyCount "83"]
[EventDate "1997.??.??"]
[EventType "tourn (rapid)"]
[EventRounds "13"]
[EventCountry "GRE"]
[SourceTitle "EXT 1999"]
[Source "ChessBase"]
[SourceDate "1998.11.16"]
[SourceVersion "1"]
[SourceVersionDate "1998.11.16"]
[SourceQuality "1"]

1. e4 c5 2. Nf3 Nc6 3. d3 d5 4. Nbd2 Bg4 5. Be2 e6 6. 0-0 Nf6 7. exd5 exd5 8. h3 Bh5 9. Nh4 Bxe2 10. Qxe2+ Qe7 11. Qd1 0-0-0 12. c3 Qd7 13. Nb3 h6 14. Qf3 Ne5 15. Qf5 Qxf5 16. Nxf5 g6 17. Ng3 Nxd3 18. Be3 b6 19. Rab1 Bd6 20. Nc1 Nxc1 21. Rbxc1 Ne4 22. Ne2 f5 23. Rcd1 Nf6 24. Bf4 g5 25. Bxd6 Rxd6 26. Rd2 f4 27. Rfd1 Re8 28. Kf1 Rde6 29. Nc1 Kc7 30. Rd3 Re5 31. g3 fxg3 32. Rxg3 Rf5 33. Kg1 Nh5 34. Re3 Rxe3 35. fxe3 Ng3 36. Kg2 Ne4 37. Rf1 Rxf1 38. Kxf1 Kd6 39. Kg2 h5 40. Nd3 Ke6 41. Kf3 Kf5 42. Kg2 1/2-1/2

[Event "EU-ch rapid (Women)"]
[Site "Athens"]
[Date "1997.??.??"]
[Round "13"]
[White "Micic, Snezana"]
[Black "Jap Tjoen San, Linda"]
[Result "1/2-1/2"]
[WhiteElo "2210"]
[BlackElo "2175"]
[PlyCount "69"]
[EventDate "1997.??.??"]
[EventType "tourn (rapid)"]
[EventRounds "13"]
[EventCountry "GRE"]
[SourceTitle "EXT 1999"]
[Source "ChessBase"]
[SourceDate "1998.11.16"]
[SourceVersion "1"]
[SourceVersionDate "1998.11.16"]
[SourceQuality "1"]

1. e4 c5 2. Nf3 d6 3. Bb5+ Bd7 4. Bxd7+ Nxd7 5. c4 Ngf6 6. Nc3 g6 7. b3 Bg7 8. Qc2 0-0 9. Bb2 a6 10. 0-0 Rb8 11. a4 Rc8 12. Nd5 e6 13. Nxf6+ Bxf6 14. d4 cxd4 15. Bxd4 Bxd4 16. Nxd4 d5 17. exd5 exd5 18. Rfd1 dxc4 19. bxc4 Qc7 20. Rac1 Nc5 21. Qa2 Rfd8 22. Nb3 Nd3 23. Rc3 Qe5 24. Qa1 Nf4 25. Re3 Qxa1 26. Rxa1 Rxc4 27. Re7 Rxa4 28. Rc1 Rc4 29. Rce1 b5 30. g3 Ne6 31. Ra7 Rc3 32. Nc1 Rd6 33. Ne2 Rcd3 34. Kg2 Rc6 35. Ng1 1/2-1/2

[Event "EU-ch rapid (Women)"]
[Site "Athens"]
[Date "1997.??.??"]
[Round "2"]
[White "Micic, Snezana"]
[Black "Jiretorn, Eva"]
[Result "1-0"]
[WhiteElo "2210"]
[BlackElo "2080"]
[PlyCount "66"]
[EventDate "1997.??.??"]
[EventType "tourn (rapid)"]
[EventRounds "13"]
[EventCountry "GRE"]
[SourceTitle "EXT 1999"]
[Source "ChessBase"]
[SourceDate "1998.11.16"]
[SourceVersion "1"]
[SourceVersionDate "1998.11.16"]
[SourceQuality "1"]

1. e4 c5 2. Nf3 d6 3. Bb5+ Bd7 4. Bxd7+ Qxd7 5. 0-0 Nc6 6. c3 e6 7. d4 cxd4 8. cxd4 d5 9. exd5 exd5 10. Nc3 Nf6 11. Ne5 Qd8 12. Qa4 Qb6 13. Nxc6 bxc6 14. Re1+ Be7 15. Bg5 Rd8 16. Re5 Kf8 17. Rae1 Bd6 18. Rf5 Be7 19. Rfe5 Bd6 20. Bxf6 gxf6 21. Rf5 Kg7 22. Qd1 h5 23. Na4 Qb4 24. a3 Qa5 25. b4 Qb5 26. Re3 Rh6 27. Rh3 Rdh8 28. Nc3 Qc4 29. Ne2 Qa2 30. Rc3 Rc8 31. Rff3 a5 32. Rc2 Qxc2 33. Qxc2 axb4 1-0

[Event "YUG-chT (Women)"]
[Site "Niksic"]
[Date "1997.??.??"]
[Round "2"]
[White "Micic, Snezana"]
[Black "Shumiakina, Tatiana"]
[Result "1/2-1/2"]
[WhiteElo "2210"]
[BlackElo "2385"]
[PlyCount "78"]
[EventDate "1997.08.27"]
[EventType "team"]
[EventRounds "11"]
[EventCountry "YUG"]
[SourceTitle "CBM 059 Extra"]
[Source "ChessBase"]
[SourceDate "1997.09.26"]
[SourceVersion "1"]
[SourceVersionDate "1997.09.26"]
[SourceQuality "1"]

1. e4 c5 2. Nf3 Nc6 3. d4 cxd4 4. Nxd4 Nf6 5. Nc3 d6 6. Be2 e5 7. Nb3 Be7 8. 0-0 0-0 9. Be3 a5 10. a4 Nb4 11. f4 Bd7 12. fxe5 dxe5 13. Nd5 Nfxd5 14. exd5 Qc7 15. c3 Na6 16. Kh1 Bd6 17. Nd2 Kh8 18. Bb5 Bxb5 19. axb5 Nc5 20. Qc2 b6 21. Rf3 Rae8 22. Bxc5 Bxc5 23. Ne4 f5 24. Ng5 e4 25. Rh3 h6 26. Ne6 Rxe6 27. dxe6 Qe5 28. Qb3 Re8 29. Re1 Rxe6 30. Qc4 f4 31. Rh5 Qxh5 32. Qxe6 e3 33. Qe4 Qf7 34. Rd1 Qf6 35. Qe8+ Kh7 36. Qe4+ Kg8 37. Qe8+ Kh7 38. Qe4+ Kg8 39. Qe8+ Kh7 1/2-1/2

[Event "BEL-chT 9697"]
[Site "Belgium"]
[Date "1997.??.??"]
[Round "3"]
[White "Micic, Snezana"]
[Black "Thirion, Marcel"]
[Result "0-1"]
[WhiteElo "2155"]
[BlackElo "2220"]
[PlyCount "92"]
[EventDate "1996.??.??"]
[EventType "team"]
[EventRounds "11"]
[EventCountry "BEL"]
[SourceTitle "EXT 1998"]
[Source "ChessBase"]
[SourceDate "1997.11.17"]
[SourceVersion "1"]
[SourceVersionDate "1997.11.17"]
[SourceQuality "1"]

1. e4 e5 2. Nf3 Nc6 3. Bc4 Bc5 4. c3 Qe7 5. 0-0 Nf6 6. d3 d6 7. Nbd2 a6 8. Bb3 0-0 9. Nc4 Bg4 10. Ne3 Bxe3 11. fxe3 Na5 12. Bc2 c5 13. h3 Bh5 14. Bd2 c4 15. Be1 d5 16. exd5 cxd3 17. Bb3 e4 18. g4 Nxg4 19. Nd4 Nf6 20. Nf5 Qd7 21. Qd2 Bf3 22. Nd4 Nxb3 23. axb3 Qxh3 24. Nxf3 exf3 25. Qh2 Qxh2+ 26. Kxh2 Ng4+ 27. Kg3 Nxe3 28. Rxf3 Nxd5 29. Rxd3 Nf6 30. Rad1 Rfe8 31. Kf3 h6 32. c4 Rac8 33. Bc3 Ne4 34. Bb4 Rc6 35. Rd8 Rf6+ 36. Kg2 Rfe6 37. R8d7 b6 38. Ra7 a5 39. Ba3 Rg6+ 40. Kh2 Re5 41. Rd3 Nf2 42. Rg3 Rxg3 43. Kxg3 Nd3 44. Rd7 Re3+ 45. Kg2 Nf4+ 46. Kf2 Rxb3 0-1

[Event "EU-ch rapid (Women)"]
[Site "Athens"]
[Date "1997.??.??"]
[Round "1"]
[White "Nicoara, Malina"]
[Black "Micic, Snezana"]
[Result "0-1"]
[WhiteElo "2210"]
[BlackElo "2210"]
[PlyCount "68"]
[EventDate "1997.??.??"]
[EventType "tourn (rapid)"]
[EventRounds "13"]
[EventCountry "GRE"]
[SourceTitle "EXT 1999"]
[Source "ChessBase"]
[SourceDate "1998.11.16"]
[SourceVersion "1"]
[SourceVersionDate "1998.11.16"]
[SourceQuality "1"]

1. d4 d5 2. c4 c6 3. Nf3 Nf6 4. Nc3 e6 5. e3 Nbd7 6. Bd3 dxc4 7. Bxc4 b5 8. Be2 Bb7 9. 0-0 Be7 10. e4 b4 11. e5 bxc3 12. exf6 Bxf6 13. bxc3 0-0 14. Rb1 Qc8 15. Bf4 Ba6 16. c4 Nb6 17. Qc2 Rd8 18. Rfd1 c5 19. Ng5 g6 20. dxc5 Rxd1+ 21. Rxd1 Bxg5 22. Bxg5 Qxc5 23. Bh6 Qe5 24. Bf3 Rc8 25. c5 Nd5 26. Qa4 Be2 27. Re1 Qc3 28. Rc1 Qb2 29. Qd7 Nb6 30. Qxa7 Bxf3 31. gxf3 Nd5 32. Qd7 Qb8 33. c6 Nb6 34. Qd4 e5 0-1

[Event "YUG-chT (Women)"]
[Site "Novi Sad"]
[Date "1996.??.??"]
[Round "?"]
[White "Micic, Snezana"]
[Black "Ivanovic, Jelena"]
[Result "1-0"]
[WhiteElo "2180"]
[BlackElo "2065"]
[PlyCount "47"]
[EventDate "1996.??.??"]
[EventType "team"]
[EventRounds "7"]
[EventCountry "YUG"]
[SourceTitle "EXT 1999"]
[Source "ChessBase"]
[SourceDate "1998.11.16"]
[SourceVersion "1"]
[SourceVersionDate "1998.11.16"]
[SourceQuality "1"]

1. e4 d6 2. d4 Nf6 3. Nc3 g6 4. h3 Bg7 5. Nf3 0-0 6. Be2 c6 7. a4 Nbd7 8. 0-0 Qc7 9. a5 e5 10. Be3 Re8 11. dxe5 dxe5 12. Qd3 Bf8 13. Qc4 h6 14. Nh4 Nb8 15. Nb5 Qe7 16. Nxg6 Qd8 17. Nxf8 cxb5 18. Qxb5 Kxf8 19. Bxh6+ Kg8 20. Bg5 Nc6 21. Rfd1 Nd4 22. Rxd4 exd4 23. Bxf6 Qd7 24. Qg5+ 1-0

[Event "YUG-ch2 (Women)"]
[Site "Vrnjacka Banja"]
[Date "1996.??.??"]
[Round "?"]
[White "Micic, Snezana"]
[Black "Maksimovic, Suzana"]
[Result "0-1"]
[WhiteElo "2180"]
[BlackElo "2285"]
[PlyCount "131"]
[EventDate "1996.??.??"]
[EventType "tourn"]
[EventRounds "11"]
[EventCountry "YUG"]
[SourceTitle "EXT 1998"]
[Source "ChessBase"]
[SourceDate "1997.11.17"]
[SourceVersion "1"]
[SourceVersionDate "1997.11.17"]
[SourceQuality "1"]

1. e4 e6 2. d4 d5 3. Nc3 Nc6 4. Nf3 Nf6 5. Bg5 Be7 6. e5 Ne4 7. Bxe7 Qxe7 8. a3 Nxc3 9. bxc3 Na5 10. Bd3 0-0 11. h4 f6 12. exf6 gxf6 13. Qe2 c5 14. Qe3 b6 15. 0-0 Bd7 16. Rfe1 Rae8 17. Qf4 Kh8 18. a4 c4 19. Bf1 Rg8 20. g3 Qg7 21. Bg2 Rgf8 22. Qd6 Qe7 23. Qxe7 Rxe7 24. Nh2 Ree8 25. f4 f5 26. Nf3 Nc6 27. Kf2 Kg7 28. Ne5 Nxe5 29. Rxe5 Bc6 30. a5 b5 31. Rb1 a6 32. Bf3 Kg6 33. Rbe1 Kf6 34. R5e3 Re7 35. Rg1 Rg7 36. Ree1 Be8 37. g4 fxg4 38. Rxg4 Rxg4 39. Bxg4 Bf7 40. Bh3 Rg8 41. Re5 Rd8 42. f5 exf5 43. Bxf5 h6 44. Bg4 Rb8 45. Bf3 b4 46. cxb4 Rxb4 47. Bxd5 Rb2 48. Be4 Bg6 49. Bxg6 Kxg6 50. Re6+ Kf5 51. Rxh6 Rxc2+ 52. Ke3 Rc3+ 53. Kd2 Rd3+ 54. Kc2 Rxd4 55. Kc3 Rg4 56. h5 Rh4 57. Rxa6 Rxh5 58. Kxc4 Ke5 59. Rc6 Rh1 60. a6 Rc1+ 61. Kb5 Rb1+ 62. Kc5 Rc1+ 63. Kb6 Rb1+ 64. Kc7 Ra1 65. Kb7 Kd5 66. Rb6 0-1

[Event "YUG-ch2 (Women)"]
[Site "Vrnjacka Banja"]
[Date "1996.??.??"]
[Round "?"]
[White "Paramentic, Mila"]
[Black "Micic, Snezana"]
[Result "1/2-1/2"]
[WhiteElo "2080"]
[BlackElo "2180"]
[PlyCount "137"]
[EventDate "1996.??.??"]
[EventType "tourn"]
[EventRounds "11"]
[EventCountry "YUG"]
[SourceTitle "EXT 1998"]
[Source "ChessBase"]
[SourceDate "1997.11.17"]
[SourceVersion "1"]
[SourceVersionDate "1997.11.17"]
[SourceQuality "1"]

1. e4 c5 2. Nc3 a6 3. g3 b5 4. a3 Bb7 5. Bg2 e6 6. d3 Nf6 7. Nf3 Nc6 8. 0-0 Qc7 9. Re1 d6 10. h3 Be7 11. Be3 0-0 12. Qd2 Rac8 13. Rac1 Rfd8 14. Bf4 Ne5 15. Qe2 Ng6 16. Bd2 d5 17. exd5 exd5 18. Ne5 Bd6 19. Nxg6 hxg6 20. Qf3 Ba8 21. Bg5 d4 22. Ne4 Bxe4 23. Rxe4 Nxe4 24. Bxd8 Nd2 25. Bxc7 Nxf3+ 26. Bxf3 Rxc7 27. Re1 Kf8 28. Bd5 c4 29. dxc4 bxc4 30. Re4 d3 31. cxd3 cxd3 32. Rd4 Be5 33. Rxd3 Bxb2 34. Rf3 f6 35. Kg2 Rc5 36. Rb3 Rxd5 37. Rxb2 Rd3 38. Rb8+ Kf7 39. Rb7+ Kg8 40. a4 Rd4 41. a5 Rd5 42. h4 Rxa5 43. Rb8+ Kh7 44. Ra8 Ra2 45. Rc8 a5 46. Kf3 a4 47. Ra8 a3 48. Kg2 Ra1 49. Kf3 f5 50. Kf4 Ra2 51. Kf3 g5 52. hxg5 Kg6 53. Ra6+ Kxg5 54. Kg2 Kh5 55. Kf3 g6 56. Ra5 Kh6 57. Ra6 Kg5 58. Kg2 Ra1 59. Kf3 a2 60. Kg2 Kh5 61. Ra5 g5 62. Ra6 Kg4 63. Ra4+ f4 64. gxf4 gxf4 65. f3+ Kf5 66. Ra5+ Ke6 67. Ra6+ Kd5 68. Ra5+ Kc6 69. Ra8 1/2-1/2